LEADER 01402nam a2200289 i 4500 001 000000147301 003 CaOOAMICUS 005 20060130000000.0 008 060130s2005 it u000 u ita u 013 $a124375 040 $aSeMil$bita 100 1 $aRiva, Giacomo <1937->.$0(OLS)http://semarc/name/7110 245 10$aProblematiche soma-psico-socio e spirituali del 21. Secolo :$b(Viste da un emiplegico dx) /$cGiacomo Riva. 250 $a5. ed. 260 $a[S.l. :$bs.n.],$c2005$e(Calvenzano (Bg) :$fTipografia Moriggi,$g2005) 300 $aXII, 304 p. ;$c21 cm. 650 4$aCristianesimo - Meditazioni.$0(OLS)http://semarc/subject/1977 650 4$aPsichiatria.$0(OLS)http://semarc/subject/1543 650 4$aLogoterapia.$0(OLS)http://semarc/subject/9771 650 4$aMedicina omeopatica.$0(OLS)http://semarc/subject/24779 650 4$aPsicoterapia - Metodo della bioenergetica.$0(OLS)http://semarc/subject/25838 773 0 $aRiva, Giacomo <1937->$tRicerche ed esperienze.$bEd. privata.$d[S.l. : s.n.], 2000$g3$w()15288 850 $aSeMil 852 $aSeMil$W1$xVenegono$y1$m2O I 21$j99873$B99873$CSeMilBibl$Z2$F108967 $81 961 $aOmaggio: Scanziani don Francesco 996 $6245$aProblematiche soma-psico-socio e spirituali del 21. Secolo :$b(Viste da un emiplegico dx)$9(OLS)http://semarc/title/215396 996 $6260$a[S.l. :$bs.n.]$9(OLS)http://semarc/publisher/29751 LEADER 01164nam a2200277 i 4500 001 000000049419 003 CaOOAMICUS 005 20250709155418.0 008 041111s1972 it u000 u ita u 040 $aSeMil$bita 110 0 $aBiblioteca Ambrosiana .$0(OLS)http://semarc/name/169 245 14$aGli incunaboli dell'Ambrosiana /$ca cura di Felice Valsecchi. 264 1$aVicenza :$bNeri Pozza,$c1972. 300 $a106 p., 121 illustrazioni in nero ;$c31 cm. 490 1 $aFontes Ambrosiani ;$v48. 650 4$aIncunaboli - Cataloghi.$0(OLS)http://semarc/subject/380 650 4$aMilano - Biblioteca Ambrosiana - Cataloghi.$0(OLS)http://semarc/subject/2043 700 1 $aValsecchi, Felice.$0(OLS)http://semarc/name/24487 830 0$aFontes ambrosiani ;$v48.$0(OLS)http://semarc/title/41798 850 $aSeMil 852 $aSeMil$W1$xVenegono$y1$m3Y V 16$j259438$B15574$CSeMilBibl$Z2$F15574 $81 941 1 $a3 961 $aLascito: Colombo Card. Giovanni 996 $6245$aGli incunaboli dell'Ambrosiana$9(OLS)http://semarc/title/75125 996 $6264$aVicenza :$bNeri Pozza$9(OLS)http://semarc/publisher/32468